000 00442nam a2200169Ia 4500
005 20250124042615.0
008 240331s9999 xx 000 0 und d
020 _a9555992371
082 _bARI
_a920
100 _aAriyaratne, A.T
245 0 _aBhava Thanha :
_ban autobiography- Volume 1 (1931-1972)
260 _aRatmalana
_bVishva Lekha
_c2001
300 _aXxiii, 495 p .,
650 _aBiography
650 _aAutobiography
942 _cL
999 _c3393
_d3393